Ensayos de sociología y filosofía social
Збережено в:
| Автор: | |
|---|---|
| Формат: | Книга |
| Мова: | Іспанська |
| Опубліковано: |
Madrid
Aguilar
1961
|
| Предмети: | |
| Теги: |
Додати тег
Немає тегів, Будьте першим, хто поставить тег для цього запису!
|
MARC
| LEADER | 00000nam a2200000 a 4500 | ||
|---|---|---|---|
| 001 | UCR0146 | ||
| 003 | CL-VaPUC | ||
| 008 | 971129e19610000SP |||||||||||||||||spa|d | ||
| 082 | 0 | 4 | |a 301 |b GIN |2 21 |
| 100 | 0 | |a Ginsberg, Morris |e author |9 395658 | |
| 245 | 1 | 0 | |a Ensayos de sociología y filosofía social |
| 300 | |a 578 p | ||
| 942 | |c BK | ||
| 945 | |d 19971129 00:00:00 |a cmena | ||
| 260 | |a Madrid |b Aguilar |c 1961 | ||
| 650 | 0 | |a Sociología |9 255410 | |
| 650 | 0 | |a Ética |9 255099 | |
| 650 | 7 | |a TEORIA POLITICA |2 CL-VaPUC |9 395659 | |
| 650 | 0 | |a Psicoanálisis |9 265702 | |
| 650 | 0 | |a Psicología social |9 222894 | |
| 650 | 0 | |a Sociedad |9 307903 | |
| 650 | 7 | |a ESTRUCTURA SOCIAL |2 CL-VaPUC |9 395660 | |
| 650 | 0 | |a Derecho internacional |9 255637 | |
| 650 | 0 | |a Naturaleza humana |9 308593 | |
| 650 | 0 | |a Cultura |9 269059 | |
| 650 | 0 | |a Escuelas filosóficas |9 266232 | |
| 583 | |a last modification |c 19971129 00:00:00 |k Rodrigo Vera | ||
| 999 | |c 263798 |d 263796 | ||
| 952 | |0 0 |1 0 |4 0 |6 301_000000000000000_GIN_1961 |7 0 |8 DER_TF |9 293271 |a BIBDER |b BIBDER |d 2019-11-19 |i 1907735 |o 301 GIN 1961 |p 1907735 |r 2023-01-25 |w 2019-11-19 |x Ubicación 4to Piso |y BK |z Estos recursos deben solicitarse con anticipación |k DER | ||
| 952 | |0 0 |1 0 |4 0 |6 301_000000000000000_GIN_1961 |7 0 |8 P |9 293272 |a BIBGIM |b BIBGIM |d 2019-11-19 |i 3374424 |o 301 GIN 1961 |p 3374424 |r 2025-01-15 |w 2019-11-19 |y BK |k GIM | ||